00958nam a2200253 a 450000100100000000500170001000800410002702000150006804000250008308200150010824500720012325000240019526000860021930000270030549000440033249000170037650000500039361000470044373000510049073000240054104900090056595201130057499900170068700002294020200930021902.0101123s2003 mx a r 000 | spa d a970186557x aDO-SdBNPbspacBNPHU axxxbR425l13aLa repación de los libros /cDirección Nacional de Bibliotecas. a2a ed. corr. y aum. aMéxico D. F. :bConsejo Nacional para la Cultura y las Artes(CONACULTA),c2003. a80 p. :bil. ;c21 cm.1 aApoyo a la Capacitación Bibliotecario aInstructivos aPrimera reimpresión de la segunda edición aDirección Nacional de Bibliotecas9471450 aApoyo a la Capacitación Bibliotecario9471460 aInstructivos947147 aBNGR 001050718MOaGRbGRcCTd2010-11-23iLF1l0oxxx R425lp22940-10r2020-06-25w2020-06-25y1ZNo se presta c22437d22437